| 000 | 00340nam a2200109Ia 4500 | ||
|---|---|---|---|
| 008 | 180116s9999 xx 000 0 und d | ||
| 020 | _a9780323089890 | ||
| 245 |
_cConnie R. Mahon, Donald C. Lehman, George Manuselis _aTextbook of Diagnostic Microbiology |
||
| 250 | _a5th ed | ||
| 260 |
_bElsevier Inc. Sounders _c2015 |
||
| 300 | _a1076 pages | ||
| 999 |
_c353277 _d353277 |
||